| 000 | 00452nam a22001697a 4500 | ||
|---|---|---|---|
| 005 | 20180227170404.0 | ||
| 008 | 160524b xxu||||| |||| 00| 0 eng d | ||
| 020 | _a0-07-235868-8 | ||
| 041 | _aeng | ||
| 082 |
_b4674 _a332 |
||
| 100 |
_aSantomaro, Anthony M, Bahhal, David F _91163 |
||
| 245 | _aFinancial Markets, Instruments & Institutions | ||
| 260 |
_aNew Delhi _bAcademic Faundation |
||
| 300 | _a665 | ||
| 650 |
_aManagement _9241 |
||
| 942 | _cBK | ||
| 999 |
_c1580 _d1579 |
||